004810000a22001330004500090001700000245008200017041001400099700003200113700002600145100003800171942001300209773010800222999001700330 aASbSEREADAS10aPlantas como evidencia legal. Desarrollo de la botánica forense en Colombia0 aEspañol1 aGalindo Bonilla, A.91004431 aIdrobo, J. M.91004441 aFernández Alonso, J. L.9100445 cARTICULO1 tRevista de la Academia Colombiana de Ciencias Exactas, Físicas y Naturalesh119q181-198 p.d2007g31 c16250d16250